000
00247nam a2200085Ia 4500
245
0
_a
Bright book of answers : earth and universe
100
_a
KOTHE, Rainer New Delhi, 2009
_9
91384
942
_c
BK
008
210818s9999 xx 000 0 und d
999
_c
434071
_d
434069